[Event "Penang op 11th"]
[Site "Penang"]
[Date "2019.12.11"]
[Round "5"]
[White "Wu, Yixing"]
[Black "Greenwood, Martin"]
[Result "1-0"]
[WhiteElo "1767"]
[BlackElo "1502"]
[PlyCount "67"]
[EventDate "2019.12.09"]
[EventType "swiss"]
[EventRounds "9"]
[EventCountry "MAS"]
[SourceTitle "CBM 193 Extra"]
[Source "ChessBase"]
[SourceDate "2020.01.31"]
[SourceVersion "1"]
[SourceVersionDate "2020.01.31"]
[SourceQuality "1"]

1. Nf3 d5 2. g3 c5 3. Bg2 Nc6 4. d4 cxd4 5. Nxd4 e5 6. Nxc6 bxc6 7. c4 Bb4+ 8. Bd2 Bxd2+ 9. Qxd2 Nf6 10. Nc3 Be6 11. cxd5 cxd5 12. Qg5 0-0 13. Qxe5 Rb8 14. 0-0 Re8 15. Qd4 a5 16. b3 Rb4 17. Qd3 Rb7 18. Rfd1 Rd7 19. Na4 Rd6 20. Rac1 g6 21. e4 Rd7 22. e5 Nh5 23. Nc5 Rc7 24. a3 Ng7 25. b4 axb4 26. axb4 Nf5 27. b5 Qc8 28. Qa3 Ne7 29. b6 Rc6 30. b7 Qb8 31. Bf1 Rb6 32. Rb1 Rxb1 33. Rxb1 Nc6 34. Bb5 1-0

[Event "Penang op 8th"]
[Site "Penang"]
[Date "2016.12.09"]
[Round "8"]
[White "Shravann, Suryaa VP"]
[Black "Greenwood, Martin"]
[Result "1-0"]
[WhiteElo "1142"]
[BlackElo "1554"]
[PlyCount "50"]
[EventDate "2016.12.05"]
[EventType "swiss"]
[EventRounds "9"]
[EventCountry "MAS"]
[SourceTitle "CBM 176 Extra"]
[Source "ChessBase"]
[SourceDate "2017.03.02"]
[SourceVersion "1"]
[SourceVersionDate "2017.03.02"]
[SourceQuality "1"]

1. c4 Nf6 2. Nc3 e6 3. e4 d6 4. d3 Be7 5. f4 b6 6. Nf3 Bb7 7. Be2 d5 8. cxd5 exd5 9. e5 Ng4 10. d4 c5 11. 0-0 Nc6 12. Kh1 cxd4 13. Nxd4 Nxh2 14. Kxh2 Nxd4 15. Qxd4 Bc5 16. Qd3 Ba6 17. Nb5 Bc8 18. Nd6+ Kf8 19. Be3 Qh4+ 20. Kg1 Ba6 21. Qd2 Bxe2 22. Qxe2 d4 23. Nf5 Qd8 24. Bf2 d3 25. Bxc5+ bxc5 1-0

[Event "Penang op 7th"]
[Site "Penang"]
[Date "2015.12.12"]
[Round "9"]
[White "Kong Jian Yuan, Stephen"]
[Black "Greenwood, Martin"]
[Result "1-0"]
[WhiteElo "1739"]
[BlackElo "1564"]
[PlyCount "121"]
[EventDate "2015.12.07"]
[EventType "swiss"]
[EventRounds "9"]
[EventCountry "MAS"]
[SourceTitle "CBM 169 Extra"]
[Source "ChessBase"]
[SourceDate "2015.12.18"]
[SourceVersion "1"]
[SourceVersionDate "2015.12.18"]
[SourceQuality "1"]

1. Nf3 Nf6 2. c4 e6 3. g3 d5 4. Bg2 c6 5. b3 Be7 6. Bb2 0-0 7. 0-0 dxc4 8. bxc4 Qb6 9. Qc2 Na6 10. a3 Nc5 11. d3 Rd8 12. Nbd2 Ncd7 13. Rfb1 Qc7 14. e3 e5 15. Rd1 Ng4 16. h3 Nh6 17. d4 exd4 18. exd4 Nf8 19. Ne5 f6 20. Nef3 Bf5 21. Qb3 Qd7 22. Kh2 c5 23. d5 Bd6 24. Nh4 Re8 25. Re1 b6 26. Nxf5 Qxf5 27. Qf3 Qd7 28. Qc3 Qf5 29. Qf3 Qc2 30. Qc3 Qf5 31. Nf3 Ng6 32. Kg1 Nf7 33. Rac1 Nge5 34. Re3 Nxf3+ 35. Rxf3 Qd7 36. Qc2 Re7 37. Bc3 Rae8 38. Bf1 Ne5 39. Re3 Ng6 40. Rxe7 Rxe7 41. Re1 Rxe1 42. Bxe1 Ne5 43. Kg2 Qe7 44. Bd2 Ng6 45. f4 Qd7 46. Bd3 Qf7 47. Bf5 Qe8 48. Kf3 Ne7 49. Bxh7+ Kf7 50. Bd3 Qh8 51. Kg2 Qh5 52. Bc3 a6 53. Be2 Qf5 54. Bd3 Qh5 55. g4 Qh8 56. Qa4 Qc8 57. Qb3 Qc7 58. Kf2 Qb8 59. Qc2 b5 60. cxb5 Nxd5 61. Bc4 1-0

[Event "Penang op 7th"]
[Site "Penang"]
[Date "2015.12.09"]
[Round "4"]
[White "Greenwood, Martin"]
[Black "Brown, Geoffrey M"]
[Result "0-1"]
[WhiteElo "1564"]
[BlackElo "1743"]
[PlyCount "86"]
[EventDate "2015.12.07"]
[EventType "swiss"]
[EventRounds "9"]
[EventCountry "MAS"]
[SourceTitle "CBM 169 Extra"]
[Source "ChessBase"]
[SourceDate "2015.12.18"]
[SourceVersion "1"]
[SourceVersionDate "2015.12.18"]
[SourceQuality "1"]

1. e4 Nc6 2. d4 e5 3. Nf3 exd4 4. Nxd4 Bb4+ 5. c3 Bc5 6. Be3 Bb6 7. Nd2 Nf6 8. f3 d5 9. exd5 Nxd5 10. Bf2 0-0 11. Be2 Nf4 12. 0-0 Qg5 13. Bg3 Nxd4 14. cxd4 Bxd4+ 15. Kh1 Nxe2 16. Qxe2 Bf5 17. Ne4 Qg6 18. Rae1 Bb6 19. Bf2 h5 20. Bxb6 axb6 21. Qc4 c6 22. Qb3 Ra6 23. a3 h4 24. Rf2 Be6 25. Qc3 Ra5 26. Rd2 Rd5 27. Rxd5 cxd5 28. Nf2 Rc8 29. Qd4 Qc2 30. Qxb6 Qd2 31. Rf1 Qe2 32. Kg1 d4 33. Qxd4 h3 34. Nxh3 Bxh3 35. gxh3 Rc6 36. Qf2 Qd3 37. Re1 Qg6+ 38. Kh1 Qh5 39. Qg3 Rc2 40. Qb8+ Kh7 41. Qxb7 Rf2 42. Qe4+ f5 43. Qb7 Qxh3 0-1

[Event "Penang op 7th"]
[Site "Penang"]
[Date "2015.12.09"]
[Round "5"]
[White "Kumar, Sri Shiva"]
[Black "Greenwood, Martin"]
[Result "1/2-1/2"]
[WhiteElo "1634"]
[BlackElo "1564"]
[PlyCount "69"]
[EventDate "2015.12.07"]
[EventType "swiss"]
[EventRounds "9"]
[EventCountry "MAS"]
[SourceTitle "CBM 169 Extra"]
[Source "ChessBase"]
[SourceDate "2015.12.18"]
[SourceVersion "1"]
[SourceVersionDate "2015.12.18"]
[SourceQuality "1"]

1. f4 Nf6 2. Nf3 b6 3. d3 d5 4. b3 g6 5. Bb2 Bg7 6. e3 0-0 7. Nbd2 Ng4 8. Bxg7 Nxe3 9. Qe2 Nxc2+ 10. Kd1 Nxa1 11. Bxa1 f6 12. Nd4 Qd6 13. g3 a6 14. Bg2 c5 15. Nc2 Ra7 16. Re1 Nc6 17. h4 h5 18. Bf3 Kg7 19. Qg2 Bg4 20. Bxg4 hxg4 21. Qe2 Qd7 22. Qe6 b5 23. Qxd7 Rxd7 24. Ne3 d4 25. Nxg4 Nb4 26. a3 Nd5 27. Nf3 a5 28. Kd2 b4 29. a4 Rb7 30. Bb2 Kf7 31. Ke2 Kg7 32. Bc1 Kf7 33. Bd2 Re8 34. Nh6+ Kg7 35. Ng4 1/2-1/2

[Event "Penang op-A 5th"]
[Site "Penang"]
[Date "2013.12.12"]
[Round "7"]
[White "Lee, Shi Hao"]
[Black "Greenwood, Martin"]
[Result "1-0"]
[WhiteElo "1702"]
[BlackElo "1599"]
[PlyCount "47"]
[EventDate "2013.12.09"]
[EventType "swiss"]
[EventRounds "9"]
[EventCountry "MAS"]
[SourceTitle "CBM 157 Extra"]
[Source "ChessBase"]
[SourceDate "2013.12.19"]
[SourceVersion "1"]
[SourceVersionDate "2013.12.19"]
[SourceQuality "1"]

1. e4 e5 2. Nf3 Nc6 3. Bc4 Nf6 4. d3 Be7 5. c3 d6 6. Bb3 0-0 7. Nbd2 b6 8. Nf1 h6 9. Ng3 Na5 10. Bc2 Be6 11. h3 Qd7 12. Be3 c5 13. 0-0 Bxh3 14. gxh3 Qxh3 15. Nh2 h5 16. Qf3 Qd7 17. Nxh5 Nxh5 18. Qxh5 g6 19. Qg4 Qxg4+ 20. Nxg4 f5 21. Nh2 f4 22. Bd2 Kg7 23. f3 Bh4 24. Kg2 1-0